Ohrozuje vašu firmu korupcia? stavne na účinné opatrenia

8 rád pre manažment firiem, ako zabrániť korupcii a klientelizmu.

Enregistré dans:
Détails bibliographiques
Format: Chapitre de livre
Langue:slovaque
Sujets:
Tags: Ajouter un tag
Pas de tags, Soyez le premier à ajouter un tag!

MARC

LEADER 00000naa a2200000 4500
001 0242601
005 20180504113321.5
041 0 |a slo 
044 |a SK 
245 1 0 |a Ohrozuje vašu firmu korupcia?  |b stavne na účinné opatrenia 
520 |a 8 rád pre manažment firiem, ako zabrániť korupcii a klientelizmu. 
610 2 0 |a manažment 
610 2 0 |a podnik 
610 2 0 |a korupcia 
610 2 0 |a kódexy etické 
610 2 0 |a činnosť nelegálna